|
|
|
|
| LEADER |
01353nam a22003132a 4500 |
| 001 |
000221839 |
| 003 |
CZ BrMZK |
| 005 |
20180102083401.0 |
| 007 |
ta |
| 008 |
010907s1878 xr f cze d |
| 015 |
|
|
|a cnb001220505
|z cnb001238189
|
| 035 |
|
|
|a (OCoLC)85542681
|
| 035 |
|
|
|a (OCoLC)85567000
|
| 040 |
|
|
|a OSA001
|b cze
|c BOA001
|
| 041 |
1 |
|
|a cze
|h pol
|h wen
|
| 100 |
1 |
|
|a Vymazal, František,
|d 1841-1917
|7 jk01151194
|4 com
|4 wfw
|
| 245 |
1 |
0 |
|a Slovanská poezije :
|b výbor z národního a umělého básnictva slovanského v českých překladech.
|n Sv. 2,
|p Polská a lužicko-srbská poezije /
|c sestavil a literárními úvody opatřil František Vymazal
|
| 246 |
3 |
0 |
|a Polská a lužicko-srbská poezije
|
| 260 |
|
|
|a Brno :
|b Matice moravská,
|c 1878
|
| 300 |
|
|
|a 8, 427 s.
|
| 653 |
0 |
|
|a výbory
|
| 856 |
4 |
1 |
|u http://kramerius.nkp.cz/kramerius/handle/ABA001/12587422
|y Digitalizovaný dokument
|
| 910 |
|
|
|a BOA001
|b 3-0013.659,2
|b PK-N-0001.022,2
|
| 920 |
|
|
|a 000739415
|
| 964 |
|
|
|a Moravika - stol. 19.
|
| 990 |
|
|
|a BK
|
| 996 |
6 |
|
|b 2619815755
|c 3-0013.659,2
|l MZK
|r Sklad / do 1 hodiny
|n 2
|w 000221839
|u 000020
|a 1
|e BOA001
|j MZK50
|s P
|
| 996 |
6 |
|
|b 2619920468
|c 3-0013.659,2
|l MZK
|r Sklad / do 1 hodiny
|n 2
|w 000221839
|u 000010
|a 1
|e BOA001
|j MZK50
|s P
|
| 996 |
6 |
|
|b 3119664394
|c PK-N-0001.022,2
|l MZK
|r Sklad / do 1 hodiny
|n 2
|w 000221839
|u 000030
|a 1
|e BOA001
|j MZK50
|s P
|